Catálogo público

Normal view MARC view

Entry Nombre personal

Number of records used in: 2

001 - NÚMERO DE CONTROL

  • campo de control: 161999

003 - IDENTIFICADOR DEL NÚMERO DE CONTROL

  • campo de control: OSt

005 - FECHA Y HORA DE LA ÚLTIMA TRANSACCIÓN

  • campo de control: 20220127160707.0

008 - DATOS DE LONGITUD FIJA

  • campo de control de longitud fija: 220127|| aca||aabn | a|a d

040 ## - FUENTE DE LA CATALOGACIÓN

  • Centro catalogador/agencia de origen: OSt
  • Centro/agencia transcriptor: OSt

100 ## - ENCABEZAMIENTO-NOMBRE DE PERSONA

  • Nombre de persona: Castelán Ortega, Octavio A., coaut

670 ## - FUENTE DE DATOS ENCONTRADOS

  • Cita de la fuente: Work cat.: (OSt)177722: International Workshop New Opportunities for Dairy and Dual Purpose Ruminant Systems in Latin America: Resource Management, Product Safety, Quality and Market Access (2006 jun 28-30 : Ixtapan de la Sal, México) 161992, Opportunities and challenges for smallholder ruminant systems in Latin America : resource management, food safety, quality and market access /, 2008